Normal view
MARC view
Entry Personal Name
001 - CONTROL NUMBER
- control field: 68895
003 - CONTROL NUMBER IDENTIFIER
- control field: OSt
005 - DATE AND TIME OF LATEST TRANSACTION
- control field: 20170827140029.0
008 - FIXED-LENGTH DATA ELEMENTS
- fixed length control field: 170827|| aca||aabn | a|a d
040 ## - CATALOGING SOURCE
- Original cataloging agency: OSt
- Transcribing agency: OSt
100 ## - HEADING--PERSONAL NAME
- Personal name: Saini,Kuldeep
670 ## - SOURCE DATA FOUND
- Source citation: Work cat.: (OSt): Saini,Kuldeep, Environmental Awareness and Wildlife Conservation, 2015









